000 00441nam a2200181Ia 4500
008 210210b2008 xxu||||| |||| 00| 0 eng d
020 _a9780195423099
041 _aeng
082 _a303.484 STAS
100 _aSTAGGENBORG (Suzanne)
245 _aSocial movements
260 _aNew York
_bOxford University Press
_c2008
300 _aix,174
650 _aSocial
650 _amovements
690 _aSocial Change
906 _a068478
999 _c152601
_d152601